Информационные технологии: учебное пособие
| Institution som forfatter: | |
|---|---|
| Andre forfattere: | , , , |
| Summary: | Заглавие с титульного экрана В пособии описаны современные методы и средства информационных технологий, более детально рассмотрено направление ИТ по управлению бизнесом и производством. Дано понятие информационных систем и варианты их классификации. Описаны методологии анализа предметной области в контексте бизнес-моделирования. Рассмотрены наиболее популярные нотации функционального анализа и моделирования. Предложен практический пример разработки технического задания на информационную систему для автоматизации определенной области деятельности предприятия малого бизнеса. Изложены основы управления проектами, функционально-стоимостного анализа и имитационного моделирования с использованием современного программного инструментария. AM_TPU_network |
| Sprog: | russisk |
| Udgivet: |
Томск, Изд-во ТПУ, 2011
|
| Fag: | |
| Online adgang: | http://www.lib.tpu.ru/fulltext2/m/2011/m420.pdf |
| Format: | Electronisk Bog |
| KOHA link: | https://koha.lib.tpu.ru/cgi-bin/koha/opac-detail.pl?biblionumber=204995 |
MARC
| LEADER | 00000nam0a2200000 4500 | ||
|---|---|---|---|
| 001 | 204995 | ||
| 005 | 20260403140936.0 | ||
| 035 | |a (RuTPU)RU\TPU\book\223445 | ||
| 090 | |a 204995 | ||
| 100 | |a 20111206d2011 m y0rusy50 ca | ||
| 101 | 0 | |a rus | |
| 102 | |a RU | ||
| 105 | |a a j 001zy | ||
| 135 | |a drcn ---uucaa | ||
| 181 | 0 | |a i | |
| 182 | 0 | |a b | |
| 200 | 1 | |a Информационные технологии |e учебное пособие |f А. А. Вичугова, В. Н. Вичугов, Е. А. Дмитриева, Г. П. Цапко |g Национальный исследовательский Томский политехнический университет (ТПУ) | |
| 203 | |a Текст |c электронный | ||
| 210 | |a Томск |c Изд-во ТПУ |d 2011 | ||
| 300 | |a Заглавие с титульного экрана | ||
| 330 | |a В пособии описаны современные методы и средства информационных технологий, более детально рассмотрено направление ИТ по управлению бизнесом и производством. Дано понятие информационных систем и варианты их классификации. Описаны методологии анализа предметной области в контексте бизнес-моделирования. Рассмотрены наиболее популярные нотации функционального анализа и моделирования. Предложен практический пример разработки технического задания на информационную систему для автоматизации определенной области деятельности предприятия малого бизнеса. Изложены основы управления проектами, функционально-стоимостного анализа и имитационного моделирования с использованием современного программного инструментария. | ||
| 371 | 0 | |a AM_TPU_network | |
| 606 | 1 | |a Информационные технологии |x Вычислительная техника |2 stltpush |3 (RuTPU)RU\TPU\subj\36205 |9 57667 | |
| 610 | 1 | |a электронный ресурс | |
| 610 | 1 | |a труды учёных ТПУ | |
| 610 | 1 | |a учебные пособия | |
| 610 | 1 | |a информационные технологии | |
| 610 | 1 | |a информационные системы | |
| 610 | 1 | |a классификация | |
| 610 | 1 | |a бизнес-моделирование | |
| 610 | 1 | |a моделирование | |
| 610 | 1 | |a функциональный анализ | |
| 610 | 1 | |a управление | |
| 610 | 1 | |a функционально-стоимостный анализ | |
| 610 | 1 | |a имитационное моделирование | |
| 610 | 1 | |a программный инструментарий | |
| 610 | 1 | |a проекты | |
| 675 | |a 004(075.8) |v 4 | ||
| 701 | 1 | |a Вичугова |b А. А. |c специалист в области информатики и вычислительной техники |c ассистент Томского политехнического университета |f 1986- |g Анна Александровна |3 (RuTPU)RU\TPU\pers\28982 |9 13703 | |
| 701 | 1 | |a Вичугов |b В. Н. |c специалист в области автоматического управления |c доцент Томского политехнического университета, кандидат технических наук |f 1982- |g Владимир Николаевич |3 (RuTPU)RU\TPU\pers\25929 |9 11780 | |
| 701 | 1 | |a Дмитриева |b Е. А. |c специалист в области информатики и вычислительной техники |c доцент Томского политехнического университета, кандидат технических наук |f 1961- |g Елена Анатольевна |3 (RuTPU)RU\TPU\pers\28983 |9 13704 | |
| 701 | 1 | |a Цапко |b Г. П. |c специалист в области автоматики и компьютерных систем |c профессор Томского политехнического университета, доктор технических наук |f 1949- |g Геннадий Павлович |3 (RuTPU)RU\TPU\pers\22020 |9 9317 | |
| 712 | 0 | 2 | |a Национальный исследовательский Томский политехнический университет (ТПУ) |c (2009- ) |3 (RuTPU)RU\TPU\col\15902 |
| 801 | 1 | |a RU |b 63413507 |c 20111206 | |
| 801 | 2 | |a RU |b 63413507 |c 20130610 |g RCR | |
| 856 | 4 | 0 | |u http://www.lib.tpu.ru/fulltext2/m/2011/m420.pdf |z http://www.lib.tpu.ru/fulltext2/m/2011/m420.pdf |
| 942 | |c CF | ||